<?xml version="1.0" encoding="utf-8"?>
<?xml-stylesheet type='text/xsl' href='./oai2.xsl'?>
<OAI-PMH xmlns="http://www.openarchives.org/OAI/2.0/" xmlns:xsi="http://www.w3.org/2001/XMLSchema-instance" xsi:schemaLocation="http://www.openarchives.org/OAI/2.0/ http://www.openarchives.org/OAI/2.0/OAI-PMH.xsd">
  <responseDate>2026-06-08T01:22:22Z</responseDate>
  <request verb="GetRecord" metadataPrefix="marcxml" identifier="record_kuniweb_1369749">https://kulturerbe.niedersachsen.de/oai</request>
  <GetRecord>
    <record>
      <header>
        <identifier>record_kuniweb_1369749</identifier>
        <datestamp>2024-02-22T10:22:04Z</datestamp>
        <setSpec>slg0242</setSpec>
      </header>
      <metadata>
        <marc:record xmlns:marc="http://www.loc.gov/MARC21/slim" xsi:schemaLocation="http://www.loc.gov/MARC21/slim http://www.loc.gov/standards/marcxml/schema/MARC21slim.xsd">
          <marc:leader>12345nrm  22     uu 4500</marc:leader>
          <marc:controlfield tag="001">1369749</marc:controlfield>
          <marc:controlfield tag="003">http://kuniweb.gbv.de</marc:controlfield>
          <marc:controlfield tag="005">2020-12-02T15:31:19</marc:controlfield>
          <marc:controlfield tag="008">|           ||||||||||||||||||||||</marc:controlfield>
          <marc:datafield tag="245" ind1="1" ind2="0">
            <marc:subfield code="a">Einbaum aus der Ise</marc:subfield>
          </marc:datafield>
          <marc:datafield tag="655" ind1=" " ind2="7">
            <marc:subfield code="a">Archäologie</marc:subfield>
          </marc:datafield>
          <marc:datafield tag="046" ind1=" " ind2=" ">
            <marc:subfield code="k">0658</marc:subfield>
            <marc:subfield code="k">7./8. Jahrhundert  (C14-Methode )</marc:subfield>
            <marc:subfield code="l">0764</marc:subfield>
          </marc:datafield>
          <marc:datafield tag="260" ind1=" " ind2=" ">
            <marc:subfield code="g">0658</marc:subfield>
            <marc:subfield code="g">0764</marc:subfield>
            <marc:subfield code="g">7./8. Jahrhundert  (C14-Methode )</marc:subfield>
          </marc:datafield>
          <marc:datafield tag="300" ind1=" " ind2=" ">
            <marc:subfield code="a">Länge: 4,69 m
Breite: 0,63 m
Höhe: 0,23 m</marc:subfield>
          </marc:datafield>
          <marc:datafield tag="520" ind1=" " ind2=" ">
            <marc:subfield code="a">Einbäume sind Wasserfahrzeuge, die aus einem Baumstamm gefertigt wurden. Dieser etwa 4,70 m lange Einbaum wurde im Jahr 1936 beim Bau einer Uferbefestigung am linken Ufer der Ise bei der sogenannten Cardenap-Mühle in Gifhorn gefunden. Der Fund lag in etwa 2,10 m bis 2,30 m Tiefe in einer Torfschicht. Zwei massive Querwände verleihen dem im Querschnitt trapezoiden Bootskörper zusätzliche Stabilität. Nach einer AMS-C14-Messung wurde der verwendete Baum zwischen 658-711 n. Chr. (81,0%) bzw. 746-764 n. Chr. (14,4%) geschlagen.  (Eichfeld 8/2020)

Veröffentlicht in:
I. Eichfeld, Aus Aller und Ise: Alte Einbäume neu datiert. Archäologie in Niedersachsen 23, 2020, S. 57-61.</marc:subfield>
          </marc:datafield>
          <marc:datafield tag="773" ind1="0" ind2=" ">
            <marc:subfield code="t">Archäologische Sammlung</marc:subfield>
          </marc:datafield>
          <marc:datafield tag="852" ind1=" " ind2=" ">
            <marc:subfield code="a">Historisches Museum Schloss Gifhorn</marc:subfield>
          </marc:datafield>
          <marc:datafield tag="852" ind1=" " ind2=" ">
            <marc:subfield code="a">Gifhorn</marc:subfield>
          </marc:datafield>
          <marc:datafield tag="" ind1=" " ind2=" ">
            <marc:subfield code="a">Namensnennung - Weitergabe unter gleichen Bedingungen 4.0 International (CC BY-SA 4.0)</marc:subfield>
          </marc:datafield>
        </marc:record>
      </metadata>
    </record>
  </GetRecord>
</OAI-PMH>
